MotoGP Most Poles - Statistics

General Stats
  • This quiz has been taken 6 times
  • The average score is 4 of 10
Answer Stats
Poles Country Rider % Correct
75 Spain Marc Márquez
100%
55 Italy Valentino Rossi
80%
39 Australia Casey Stoner
40%
31 Spain Dani Pedrosa
40%
28 Italy Francesco Bagnaia
40%
27 United States Freddie Spencer
20%
43 Spain Jorge Lorenzo
20%
29 United States Kevin Schwantz
20%
23 Italy Max Biaggi
20%
58 Australia Mick Doohan
20%
No matching quizzes found
Score Distribution
Percent of People with Each Score
Percentile by Number Answered
Your Score History
You have not taken this quiz